000
00205nam a22000857a 4500
008
170201b xxu||||| |||| 00| 0 eng d
100
_9
2720
_a
Pal.S.
245
_a
Yogasanas ans Sadhana
260
_a
New Delhi
_c
2002
999
_c
5885
_d
5885